[Event "CEDIS Festival saha - 5. turnir"]
[Site "Podgorica"]
[Date "2024.10.04"]
[Round "1.1"]
[White "Krsikapa, Milos"]
[Black "Pecurica, Milos"]
[Result "0-1"]
[WhiteElo "1811"]
[BlackElo "2315"]
[PlyCount "32"]
[EventDate "2024.10.04"]
[EventType "swiss"]
[EventRounds "5"]
[EventCountry "MNE"]
[SourceDate "2024.10.08"]

1. Nf3 d5 2. e3 Nf6 3. c4 e6 4. Nc3 Bd6 5. cxd5 exd5 6. d4 O-O 7. Bd3 Re8 8.
Qc2 c6 9. Bd2 a5 10. a3 Nbd7 11. O-O Qe7 12. Rab1 Ne4 13. Na4 Qf6 14. Kh1 Qh6
15. b4 Nxd2 16. Nxd2 Qxh2# 0-1

[Event "CEDIS Festival saha - 5. turnir"]
[Site "Podgorica"]
[Date "2024.10.04"]
[Round "1.2"]
[White "Kisic, Bozidar"]
[Black "Lakusic, Zoran"]
[Result "1-0"]
[WhiteElo "2192"]
[BlackElo "1752"]
[PlyCount "57"]
[EventDate "2024.10.04"]
[EventType "swiss"]
[EventRounds "5"]
[EventCountry "MNE"]
[SourceDate "2024.10.08"]

1. d4 Nf6 2. Bg5 e6 3. e3 Be7 4. Bd3 b6 5. f4 Bb7 6. Nf3 h6 7. Bh4 Nd5 8. Bf2
Nb4 9. Be2 Be4 10. Na3 c5 11. O-O N8c6 12. Nd2 Bh7 13. dxc5 Bxc5 14. e4 a5 15.
Nb5 O-O 16. Bxc5 bxc5 17. c3 Na6 18. Nd6 Qb6 19. N2c4 Qa7 20. f5 Nc7 21. f6 Ne8
22. fxg7 Kxg7 23. Bh5 Nxd6 24. Qxd6 Bxe4 25. Qg3+ Bg6 26. Rxf7+ Kxf7 27. Qxg6+
Ke7 28. Qg7+ Kd8 29. Qxf8+ 1-0

[Event "CEDIS Festival saha - 5. turnir"]
[Site "Podgorica"]
[Date "2024.10.04"]
[Round "1.3"]
[White "Sorochenkov, Alexander"]
[Black "Djukanovic, Sreten"]
[Result "0-1"]
[WhiteElo "1665"]
[BlackElo "2106"]
[PlyCount "40"]
[EventDate "2024.10.04"]
[EventType "swiss"]
[EventRounds "5"]
[EventCountry "MNE"]
[SourceDate "2024.10.08"]

1. e4 c5 2. Nf3 d6 3. d4 cxd4 4. Nxd4 Nf6 5. Nc3 a6 6. Bd3 g6 7. Be3 Bg7 8. O-O
Ng4 9. Qf3 O-O 10. Nde2 Nxe3 11. Qxe3 Nc6 12. f4 b5 13. f5 e6 14. fxg6 hxg6 15.
Nd1 d5 16. Kh1 Bb7 17. Nf2 Ne5 18. exd5 Nxd3 19. Nxd3 Qxd5 20. Qc5 Qxg2# 0-1

[Event "CEDIS Festival saha - 5. turnir"]
[Site "Podgorica"]
[Date "2024.10.04"]
[Round "1.4"]
[White "Abramovic, Dragoljub"]
[Black "Sorochenkova, Margarita"]
[Result "1/2-1/2"]
[WhiteElo "2027"]
[BlackElo "1599"]
[PlyCount "169"]
[EventDate "2024.10.04"]
[EventType "swiss"]
[EventRounds "5"]
[EventCountry "MNE"]
[SourceDate "2024.10.08"]

1. d4 d5 2. c4 e6 3. Nc3 Nf6 4. Bg5 Be7 5. e3 h6 6. Bh4 O-O 7. Nf3 c5 8. Bxf6
Bxf6 9. Rc1 cxd4 10. exd4 dxc4 11. Bxc4 Nc6 12. Ne2 Qb6 13. Qd2 Rd8 14. Rd1 Bd7
15. O-O Na5 16. Bd3 Rac8 17. Rc1 Nc6 18. Bb1 Nb4 19. a3 Nd5 20. Rfd1 Bc6 21.
Ng3 Nc7 22. Ne4 Bxe4 23. Bxe4 Bxd4 24. Nxd4 e5 25. Qc2 exd4 26. Bf5 Ne6 27.
Qxc8 Rxc8 28. Rxc8+ Nf8 29. b4 g6 30. Bh3 Kg7 31. Rc4 Qa6 32. Rcxd4 Qxa3 33.
Bc8 b6 34. g3 Qc3 35. Bd7 a6 36. Bg4 a5 37. bxa5 bxa5 38. Kg2 a4 39. R1d3 Qc2
40. Ra3 f5 41. Bf3 g5 42. Raxa4 g4 43. Ra7+ Kf6 44. Ra6+ Kg7 45. Bxg4 Qc5 46.
Rf4 fxg4 47. Rxg4+ Kh8 48. Rxh6+ Nh7 49. Rgh4 Qd5+ 50. f3 Qd2+ 51. Kh3 Qd7+ 52.
g4 Qd1 53. Rxh7+ Kg8 54. Rh8+ Kg7 55. R4h7+ Kg6 56. Rh6+ Kg7 57. R8h7+ Kg8 58.
Kg3 Qg1+ 59. Kf4 Qd4+ 60. Kf5 Qd5+ 61. Kf4 Qd4+ 62. Kg3 Qg1+ 63. Kh3 Qf1+ 64.
Kh4 Qe1+ 65. Kh5 Qe5+ 66. g5 Qxh2+ 67. Kg4 Qg1+ 68. Kf5 Qc5+ 69. Ke6 Qb6+ 70.
Ke7 Qa7+ 71. Kd8 Qb8+ 72. Kd7 Qa7+ 73. Kc6 Qa6+ 74. Kd5 Qa5+ 75. Ke6 Qb6+ 76.
Kf5 Qc5+ 77. Kg6 Qd6+ 78. Kf5 Qc5+ 79. Ke4 Qb4+ 80. Ke5 Qc5+ 81. Kf4 Qd4+ 82.
Kf5 Qc5+ 83. Kg6 Qd6+ 84. Kh5 Qh2+ 85. Kg4 1/2-1/2

[Event "CEDIS Festival saha - 5. turnir"]
[Site "Podgorica"]
[Date "2024.10.04"]
[Round "1.5"]
[White "Djendjinovic, Danilo"]
[Black "Sijaric, Alvir"]
[Result "0-1"]
[WhiteElo "1556"]
[BlackElo "1915"]
[PlyCount "118"]
[EventDate "2024.10.04"]
[EventType "swiss"]
[EventRounds "5"]
[EventCountry "MNE"]
[SourceDate "2024.10.08"]

1. d4 d5 2. Nf3 Nf6 3. Bf4 c6 4. e3 Bg4 5. c4 e6 6. Nbd2 Bd6 7. Bxd6 Qxd6 8. h3
Bxf3 9. Nxf3 Nbd7 10. Qb3 O-O 11. Be2 dxc4 12. Bxc4 c5 13. Rd1 a6 14. dxc5 Qxc5
15. O-O b5 16. Bd3 Ne5 17. Nxe5 Qxe5 18. Rc1 Rfd8 19. Be2 Rd2 20. Rc2 Rxc2 21.
Qxc2 g6 22. Rd1 Kg7 23. Bf3 Ra7 24. Rc1 Rd7 25. b4 Qd6 26. Qc3 Qd2 27. Rc2 Qxc3
28. Rxc3 e5 29. Bc6 Rc7 30. Rc5 e4 31. f3 Re7 32. Kf2 Nd7 33. Bxd7 Rxd7 34. Ke2
Rd3 35. fxe4 Ra3 36. Rc2 Kf6 37. Kf3 g5 38. g4 h6 39. Kf2 Ra4 40. Rb2 Ke5 41.
Kf3 f6 42. Kg2 Kxe4 43. Kf2 Ra3 44. Re2 f5 45. gxf5 Kxf5 46. Rd2 Ke4 47. Rd4+
Ke5 48. Rd2 Ra4 49. Rb2 Ke4 50. Kg3 h5 51. Rc2 Kxe3 52. Rc5 Rxb4 53. Rxg5 h4+
54. Kg2 Rb2+ 55. Kf1 Rxa2 56. Rg4 a5 57. Rxh4 b4 58. Rc4 Kd3 59. Rc1 b3 0-1

[Event "CEDIS Festival saha - 5. turnir"]
[Site "Podgorica"]
[Date "2024.10.04"]
[Round "1.6"]
[White "Milovic, Ilija"]
[Black "Jovanovic, Luka"]
[Result "1-0"]
[WhiteElo "1885"]
[BlackElo "1545"]
[PlyCount "69"]
[EventDate "2024.10.04"]
[EventType "swiss"]
[EventRounds "5"]
[EventCountry "MNE"]
[SourceDate "2024.10.08"]

1. Nf3 c5 2. b3 d5 3. Bb2 b6 4. e3 Bb7 5. Bb5+ Nd7 6. Ne5 Ngf6 7. Qf3 Bc8 8. c4
e6 9. cxd5 exd5 10. Nc3 Bb7 11. Bxd7+ Qxd7 12. Nxd7 Kxd7 13. Qf5+ Kc6 14. Rc1
Bd6 15. d4 Rae8 16. O-O Re6 17. dxc5 bxc5 18. Rfd1 Kd7 19. Nxd5 Nxd5 20. Rxd5
Bxd5 21. Qxd5 Rhe8 22. Ba3 Ke7 23. Bxc5 Bxc5 24. Rxc5 Rd8 25. Rc7+ Ke8 26. Qb5+
Kf8 27. Qc5+ Kg8 28. Rc8 Red6 29. Qxd6 Rxc8 30. g3 g6 31. Qd7 Rc1+ 32. Kg2 a6
33. Qb7 a5 34. Qa8+ Kg7 35. Qxa5 1-0

[Event "CEDIS Festival saha - 5. turnir"]
[Site "Podgorica"]
[Date "2024.10.04"]
[Round "1.7"]
[White "Janketic, Milos"]
[Black "Vujadinovic, Zeljko"]
[Result "0-1"]
[WhiteElo "1522"]
[BlackElo "1863"]
[PlyCount "68"]
[EventDate "2024.10.04"]
[EventType "swiss"]
[EventRounds "5"]
[EventCountry "MNE"]
[SourceDate "2024.10.08"]

1. e4 c6 2. d4 d5 3. f3 Nf6 4. e5 Ng8 5. Bd3 e6 6. Ne2 c5 7. Bb5+ Bd7 8. Bxd7+
Qxd7 9. O-O cxd4 10. Nxd4 Bc5 11. Kh1 Bxd4 12. Qxd4 Nc6 13. Qg4 g6 14. Re1 Nge7
15. Bg5 h5 16. Qf4 Nf5 17. Nc3 a6 18. Ne2 Nfe7 19. c3 O-O-O 20. Nd4 Rdf8 21. b4
Nf5 22. a4 Nfxd4 23. cxd4 Nxb4 24. Rec1+ Kb8 25. Qd2 a5 26. Rcb1 Rc8 27. Bh4
Rc4 28. Be1 Rhc8 29. Rb2 Qc7 30. Rab1 Rc2 31. Qg5 Rxb2 32. Rxb2 Qc1 33. Qxc1
Rxc1 34. Re2 Nd3 0-1

[Event "CEDIS Festival saha - 5. turnir"]
[Site "Podgorica"]
[Date "2024.10.04"]
[Round "1.8"]
[White "Vesovic, Nebojsa"]
[Black "Markovic, Janko"]
[Result "1-0"]
[WhiteElo "1829"]
[BlackElo "1488"]
[PlyCount "35"]
[EventDate "2024.10.04"]
[EventType "swiss"]
[EventRounds "5"]
[EventCountry "MNE"]
[SourceDate "2024.10.08"]

1. Nf3 Nf6 2. c4 e6 3. g3 Be7 4. Bg2 O-O 5. O-O d6 6. d4 a6 7. Nc3 Nbd7 8. Qc2
c5 9. Rd1 Re8 10. e4 b6 11. e5 Ng4 12. exd6 Bxd6 13. Ng5 g6 14. Bxa8 Qf6 15. h3
Nh6 16. Nge4 Qe7 17. Nxd6 Qxd6 18. Bxh6 1-0

[Event "CEDIS Festival saha - 5. turnir"]
[Site "Podgorica"]
[Date "2024.10.04"]
[Round "1.9"]
[White "Stanic, Stefan"]
[Black "Mosurovic, Milena"]
[Result "0-1"]
[WhiteElo "1478"]
[BlackElo "1816"]
[PlyCount "120"]
[EventDate "2024.10.04"]
[EventType "swiss"]
[EventRounds "5"]
[EventCountry "MNE"]
[SourceDate "2024.10.08"]

1. e4 e5 2. Nf3 Nc6 3. Bb5 Nge7 4. O-O g6 5. c3 Bg7 6. Re1 O-O 7. d3 d6 8. Nbd2
Kh8 9. Nb3 h6 10. d4 exd4 11. cxd4 a6 12. Bd3 Kh7 13. h3 a5 14. Be3 f5 15. exf5
Nxf5 16. Qc2 Qf6 17. a4 Nb4 18. Qc4 Be6 19. Qc3 Nxe3 20. fxe3 Bxh3 21. Rf1 Qe7
22. Kh1 Nxd3 23. Qxd3 Bf5 24. Qd2 b6 25. Rae1 Be4 26. Kg1 Bxf3 27. gxf3 Rae8
28. Nc1 Qd7 29. b3 Rf5 30. Rf2 Ref8 31. Qe2 Re8 32. Qd3 Bf6 33. Rg2 Rg5 34.
Rxg5 Bxg5 35. Kf2 Bh4+ 36. Ke2 Bxe1 37. Kxe1 Qh3 38. Ne2 Qxf3 39. Kd2 Qe4 40.
Qc3 Re7 41. Nf4 Rf7 42. Qc4 Re7 43. Nd5 Qg2+ 44. Kc3 Qg5 45. Nxe7 Qxe3+ 46. Kb2
Qxe7 47. Qd3 h5 48. Kc2 Qf7 49. Kd2 Kh6 50. Ke2 g5 51. d5 g4 52. Qe3+ Kg6 53.
Qe4+ Kg5 54. Qe3+ Kh4 55. Qg1 Qf3+ 56. Ke1 Qg3+ 57. Kf1 Qxg1+ 58. Kxg1 Kg3 59.
Kh1 Kf2 60. Kh2 g3+ 0-1

[Event "CEDIS Festival saha - 5. turnir"]
[Site "Podgorica"]
[Date "2024.10.05"]
[Round "2.1"]
[White "Pecurica, Milos"]
[Black "Vujadinovic, Zeljko"]
[Result "1-0"]
[WhiteElo "2315"]
[BlackElo "1863"]
[PlyCount "61"]
[EventDate "2024.10.04"]
[EventType "swiss"]
[EventRounds "5"]
[EventCountry "MNE"]
[SourceDate "2024.10.08"]

1. d4 c6 2. e4 d5 3. exd5 cxd5 4. Bd3 Nf6 5. c3 e6 6. Nf3 Be7 7. Bf4 Nc6 8.
Nbd2 a6 9. a4 h6 10. O-O Bd6 11. Ne5 Qc7 12. Re1 O-O 13. Qf3 Nh7 14. h4 f5 15.
Ng6 Rf6 16. Bxd6 Qxd6 17. Ne5 Qf8 18. Nb3 Nxe5 19. Rxe5 g5 20. Qg3 Kh8 21. f4
gxh4 22. Qxh4 Rg6 23. Rae1 Qg7 24. Qd8+ Qg8 25. Qxg8+ Kxg8 26. Nc5 Kf7 27. a5
Nf8 28. c4 Nd7 29. Nxd7 Bxd7 30. cxd5 Re8 31. dxe6+ 1-0

[Event "CEDIS Festival saha - 5. turnir"]
[Site "Podgorica"]
[Date "2024.10.05"]
[Round "2.2"]
[White "Djukanovic, Sreten"]
[Black "Vesovic, Nebojsa"]
[Result "0-1"]
[WhiteElo "2106"]
[BlackElo "1829"]
[PlyCount "88"]
[EventDate "2024.10.04"]
[EventType "swiss"]
[EventRounds "5"]
[EventCountry "MNE"]
[SourceDate "2024.10.08"]

1. d4 d5 2. c4 e6 3. Nc3 Nf6 4. Bg5 Be7 5. e3 c6 6. Nf3 Ne4 7. Bxe7 Qxe7 8. Rc1
O-O 9. Bd3 f5 10. O-O Nd7 11. a3 Ndf6 12. b4 Nxc3 13. Rxc3 Bd7 14. Ne5 Rad8 15.
cxd5 Nxd5 16. Rc5 Be8 17. Qb1 Qh4 18. g3 Qh6 19. Re1 g5 20. Bf1 f4 21. e4 fxg3
22. hxg3 Nf6 23. Nf3 g4 24. Ng5 Nd7 25. Ra5 b6 26. Nxe6 Qxe6 27. Rxa7 Bg6 28.
Bg2 Rf7 29. Qb2 Rdf8 30. Re2 Qc4 31. Rc2 Qd3 32. Rd2 Qc4 33. Rc2 Qe6 34. Re2
Rf3 35. d5 cxd5 36. exd5 Qf5 37. Re7 Nf6 38. d6 Rd3 39. d7 Rd1+ 40. Bf1 Qd3 41.
Re2 Nxd7 42. Kg2 Be4+ 43. Rxe4 Qxe4+ 44. Kg1 Qd3 0-1

[Event "CEDIS Festival saha - 5. turnir"]
[Site "Podgorica"]
[Date "2024.10.05"]
[Round "2.3"]
[White "Sijaric, Alvir"]
[Black "Dorfman, Yelyzaveta"]
[Result "1-0"]
[WhiteElo "1915"]
[BlackElo "1448"]
[PlyCount "89"]
[EventDate "2024.10.04"]
[EventType "swiss"]
[EventRounds "5"]
[EventCountry "MNE"]
[SourceDate "2024.10.08"]

1. d4 d5 2. c4 e6 3. Nf3 Nf6 4. Qc2 Bb4+ 5. Bd2 Bxd2+ 6. Nbxd2 O-O 7. e3 b6 8.
Rc1 c5 9. dxc5 bxc5 10. cxd5 Qxd5 11. Qxc5 Nbd7 12. Qxd5 Nxd5 13. e4 Nf4 14. g3
Ng6 15. Rc7 Nde5 16. Nxe5 Nxe5 17. f4 Ng4 18. h3 Ne3 19. Bd3 Ng2+ 20. Kf2 Rd8
21. Rc3 Ba6 22. Bxa6 Rxd2+ 23. Be2 h5 24. Rhc1 Rxb2 25. R1c2 Rb4 26. Kxg2 Rxe4
27. Bf3 f5 28. Bxe4 fxe4 29. Rc8+ Rxc8 30. Rxc8+ Kf7 31. Rc7+ Kf6 32. Rxa7 g5
33. Kf2 gxf4 34. gxf4 Kf5 35. Ke3 e5 36. Ra5 h4 37. Rxe5+ Kg6 38. a4 Kh6 39. a5
Kg6 40. a6 Kf6 41. a7 Kg6 42. a8=Q Kf6 43. Qc6+ Kf7 44. Qd7+ Kf8 45. Re8# 1-0

[Event "CEDIS Festival saha - 5. turnir"]
[Site "Podgorica"]
[Date "2024.10.05"]
[Round "2.4"]
[White "Mosurovic, Milena"]
[Black "Milovic, Ilija"]
[Result "0-1"]
[WhiteElo "1816"]
[BlackElo "1885"]
[PlyCount "70"]
[EventDate "2024.10.04"]
[EventType "swiss"]
[EventRounds "5"]
[EventCountry "MNE"]
[SourceDate "2024.10.08"]

1. e4 e6 2. d4 d5 3. Nd2 c5 4. Ngf3 cxd4 5. Nxd4 Nc6 6. Nxc6 bxc6 7. exd5 cxd5
8. Nf3 Bc5 9. Be2 Nf6 10. c3 Qb6 11. Nd4 e5 12. b4 Bxd4 13. cxd4 Qxb4+ 14. Qd2
Qxd2+ 15. Bxd2 exd4 16. Rd1 Rb8 17. Bf4 Rb2 18. a3 Ra2 19. Rxd4 Rxa3 20. O-O
Be6 21. Bd6 Ra5 22. Bb4 Ra2 23. Bb5+ Kd8 24. Rc1 Bd7 25. Bd3 Re8 26. h3 Re6 27.
g4 g5 28. Bb1 Raa6 29. Bd3 Ra4 30. Bf5 Rea6 31. Bc3 Rxd4 32. Bxd4 Bxf5 33. gxf5
Ne4 34. f3 Ng3 35. Kf2 Nxf5 0-1

[Event "CEDIS Festival saha - 5. turnir"]
[Site "Podgorica"]
[Date "2024.10.05"]
[Round "2.5"]
[White "Dedic, Slavko"]
[Black "Abramovic, Dragoljub"]
[Result "1/2-1/2"]
[WhiteElo "1882"]
[BlackElo "2027"]
[PlyCount "116"]
[EventDate "2024.10.04"]
[EventType "swiss"]
[EventRounds "5"]
[EventCountry "MNE"]
[SourceDate "2024.10.08"]

1. e4 Nc6 2. d4 e5 3. d5 Nce7 4. c4 Nf6 5. Nc3 Ng6 6. Nf3 Bb4 7. Bd3 Bxc3+ 8.
bxc3 d6 9. h3 b6 10. a4 O-O 11. O-O Nh5 12. Kh2 Nhf4 13. Bxf4 Nxf4 14. Re1 a5
15. Re3 Bd7 16. Bc2 Qf6 17. Ng1 Qh6 18. Qf1 f5 19. exf5 Bxf5 20. Bxf5 Rxf5 21.
Ne2 Nxe2 22. Qxe2 Raf8 23. Rf1 Qg6 24. f3 Qe8 25. Ra1 Rf4 26. g3 R4f6 27. Kg2
Qg6 28. Rf1 Qe8 29. Ra1 Qd7 30. Qc2 Rh6 31. Rh1 Rg6 32. Kf2 Rgf6 33. Kg2 c6 34.
Qe4 cxd5 35. Qxd5+ Kh8 36. Qb5 Qb7 37. Qd5 Qd7 38. Qb5 Qf5 39. Qb1 e4 40. f4 g5
41. Qxe4 gxf4 42. Qxf5 Rxf5 43. gxf4 Rxf4 44. Rb1 Rg8+ 45. Kh1 Rxc4 46. Rxb6
Rxa4 47. Rxd6 Ra1+ 48. Kh2 Ra2+ 49. Kh1 Rb8 50. Rd1 a4 51. Rde1 a3 52. c4 Kg7
53. c5 Rbb2 54. Rg3+ Kf6 55. Rf3+ Kg5 56. Rg1+ Kh5 57. Rf5+ Kh4 58. Rf4+ Kxh3
1/2-1/2

[Event "CEDIS Festival saha - 5. turnir"]
[Site "Podgorica"]
[Date "2024.10.05"]
[Round "2.6"]
[White "Sorochenkova, Margarita"]
[Black "Krsikapa, Milos"]
[Result "0-1"]
[WhiteElo "1599"]
[BlackElo "1811"]
[PlyCount "76"]
[EventDate "2024.10.04"]
[EventType "swiss"]
[EventRounds "5"]
[EventCountry "MNE"]
[SourceDate "2024.10.08"]

1. e4 c5 2. Nf3 d6 3. d4 cxd4 4. Qxd4 Nc6 5. Bb5 Bd7 6. Bxc6 Bxc6 7. Nc3 Nf6 8.
Bg5 e6 9. O-O-O Be7 10. h3 O-O 11. Qe3 Qc7 12. Rhg1 b5 13. Nd4 Rfb8 14. Nxc6
Qxc6 15. f4 b4 16. Ne2 e5 17. g4 a5 18. Bxf6 Bxf6 19. g5 exf4 20. Qxf4 Be5 21.
Qf3 Rc8 22. Qd3 a4 23. h4 b3 24. axb3 axb3 25. c3 Ra4 26. Rg4 Rca8 27. Kd2 Qc5
28. Rf1 Ra2 29. Rb1 Qa3 30. Kc1 Qa4 31. h5 Ra1 32. h6 Rxb1+ 33. Qxb1 Qc4 34.
Kd2 Ra2 35. Nc1 Bxc3+ 36. Ke3 Qd4+ 37. Kf3 Rxb2 38. Qa1 Rf2+ 0-1

[Event "CEDIS Festival saha - 5. turnir"]
[Site "Podgorica"]
[Date "2024.10.05"]
[Round "2.7"]
[White "Lakusic, Zoran"]
[Black "Janketic, Milos"]
[Result "1-0"]
[WhiteElo "1752"]
[BlackElo "1522"]
[PlyCount "115"]
[EventDate "2024.10.04"]
[EventType "swiss"]
[EventRounds "5"]
[EventCountry "MNE"]
[SourceDate "2024.10.08"]

1. Nf3 d5 2. d4 Nc6 3. g3 g6 4. Bg2 Bg7 5. O-O e5 6. dxe5 Nxe5 7. Nxe5 Bxe5 8.
Bxd5 Qf6 9. c3 Ne7 10. Bg2 c6 11. Nd2 Bf5 12. Qb3 Rb8 13. Nf3 Bd6 14. Bg5 Qe6
15. Qxe6 Bxe6 16. Bf6 Rg8 17. Ng5 h6 18. Nxe6 fxe6 19. Rad1 Nd5 20. Bxd5 exd5
21. e4 Kf7 22. e5 Rge8 23. Rfe1 Bc5 24. Kg2 Be7 25. Bxe7 Rxe7 26. Rd3 b5 27. f4
Rbe8 28. b4 h5 29. Rde3 Ke6 30. h3 Kf5 31. Kf3 Ke6 32. g4 h4 33. R3e2 a5 34.
bxa5 Ra8 35. Kg2 Rxa5 36. Rf1 Rf7 37. f5+ gxf5 38. gxf5+ Rxf5 39. Rxf5 Kxf5 40.
e6 Ra8 41. e7 Re8 42. Kf3 Kf6 43. Kg4 Rxe7 44. Rf2+ Kg6 45. Kxh4 Re3 46. Rg2+
Kf5 47. Rg5+ Ke4 48. Rg3 Rxg3 49. Kxg3 Kd3 50. h4 Kxc3 51. h5 d4 52. h6 d3 53.
h7 d2 54. h8=Q+ Kc2 55. Qh2 Kc1 56. Qh6 Kc2 57. Qxc6+ Kd1 58. Kf2 1-0

[Event "CEDIS Festival saha - 5. turnir"]
[Site "Podgorica"]
[Date "2024.10.05"]
[Round "2.8"]
[White "Jovanovic, Luka"]
[Black "Sorochenkov, Alexander"]
[Result "1-0"]
[WhiteElo "1545"]
[BlackElo "1665"]
[PlyCount "43"]
[EventDate "2024.10.04"]
[EventType "swiss"]
[EventRounds "5"]
[EventCountry "MNE"]
[SourceDate "2024.10.08"]

1. e4 c5 2. c3 d5 3. exd5 Qxd5 4. d4 Nc6 5. Nf3 Bg4 6. Be2 Nf6 7. O-O g6 8. Na3
cxd4 9. Nb5 Qd7 10. Nbxd4 Nxd4 11. Nxd4 Bxe2 12. Qxe2 e6 13. Rd1 Rd8 14. Bg5
Qe7 15. Qb5+ Rd7 16. Bxf6 Qxf6 17. Nxe6 Qe7 18. Nxf8 Rxf8 19. Re1 Qxe1+ 20.
Rxe1+ Kd8 21. Qe5 f6 22. Qb8# 1-0

[Event "CEDIS Festival saha - 5. turnir"]
[Site "Podgorica"]
[Date "2024.10.05"]
[Round "2.9"]
[White "Markovic, Janko"]
[Black "Djendjinovic, Danilo"]
[Result "0-1"]
[WhiteElo "1488"]
[BlackElo "1556"]
[PlyCount "44"]
[EventDate "2024.10.04"]
[EventType "swiss"]
[EventRounds "5"]
[EventCountry "MNE"]
[SourceDate "2024.10.08"]

1. e4 c6 2. Nf3 d5 3. exd5 cxd5 4. d4 Bf5 5. Nc3 Nf6 6. Be2 e6 7. O-O Nc6 8.
Be3 Be7 9. Ne5 O-O 10. h3 Bd6 11. Nxc6 bxc6 12. Qd2 Rb8 13. b3 Bb4 14. Bf3 Qa5
15. Qe2 Bxc3 16. Rab1 Qxa2 17. Rfc1 Qa5 18. Bf4 Rb7 19. Bd6 Rd8 20. Qe5 Ne4 21.
Bc7 Qxc7 22. Qxc7 Rxc7 0-1

[Event "CEDIS Festival saha - 5. turnir"]
[Site "Podgorica"]
[Date "2024.10.05"]
[Round "3.1"]
[White "Vesovic, Nebojsa"]
[Black "Pecurica, Milos"]
[Result "0-1"]
[WhiteElo "1829"]
[BlackElo "2315"]
[PlyCount "96"]
[EventDate "2024.10.04"]
[EventType "swiss"]
[EventRounds "5"]
[EventCountry "MNE"]
[SourceDate "2024.10.08"]

1. Nf3 d5 2. d4 Nf6 3. c4 e6 4. Bg5 c6 5. Bxf6 Qxf6 6. e3 Nd7 7. Be2 g6 8. Nc3
Bg7 9. Qb3 dxc4 10. Qxc4 O-O 11. O-O e5 12. Qb3 exd4 13. exd4 Nb6 14. a4 Be6
15. Qc2 Nd5 16. Ne4 Qe7 17. Ng3 Nb4 18. Qd2 Rad8 19. Rac1 a5 20. Qf4 Nd5 21.
Qd2 Qb4 22. Qxb4 Nxb4 23. Bc4 Bxd4 24. Nxd4 Rxd4 25. Bxe6 fxe6 26. Rc5 Rd5 27.
Rc4 Rd2 28. b3 e5 29. f3 Nd5 30. Re4 Nf4 31. Rxe5 Rxg2+ 32. Kh1 Rb2 33. Rxa5
Nd5 34. Rc5 Rxb3 35. a5 Rfxf3 36. Rxf3 Rxf3 37. a6 bxa6 38. Rxc6 Ra3 39. Ne4
Ra2 40. Rd6 Ne3 41. h3 Kg7 42. Nc5 a5 43. Rd3 Nf5 44. Ne4 h5 45. Nd2 Kf6 46.
Kg2 Ke5 47. Kf3 Nd6 48. Kg3 Rxd2 0-1

[Event "CEDIS Festival saha - 5. turnir"]
[Site "Podgorica"]
[Date "2024.10.05"]
[Round "3.2"]
[White "Sijaric, Alvir"]
[Black "Kisic, Bozidar"]
[Result "1/2-1/2"]
[WhiteElo "1915"]
[BlackElo "2192"]
[PlyCount "146"]
[EventDate "2024.10.04"]
[EventType "swiss"]
[EventRounds "5"]
[EventCountry "MNE"]
[SourceDate "2024.10.08"]

1. d4 Nf6 2. c4 c5 3. d5 b5 4. a4 bxc4 5. Nc3 Qa5 6. Bd2 Na6 7. e4 Nb4 8. e5
Ng4 9. f4 Ba6 10. Rc1 Nh6 11. Nb5 Bxb5 12. axb5 Qxb5 13. Bxc4 Qb7 14. Qf3 Nf5
15. Ne2 h5 16. O-O g6 17. Bc3 Bg7 18. Rfd1 O-O 19. Qf2 Rac8 20. Ng3 Nxg3 21.
Qxg3 e6 22. Bxb4 cxb4 23. Qd3 Qb6+ 24. Kh1 Rc5 25. b3 Rfc8 26. Ra1 a5 27. h3
Ra8 28. Ra2 Rcc8 29. Kh2 Qc5 30. Bb5 Ra7 31. Rdd2 Rb8 32. Ba4 Bh6 33. Qe4 Qb6
34. Rac2 Rc7 35. Rxc7 Qxc7 36. d6 Qc1 37. Rd4 Rd8 38. h4 Qf1 39. Rc4 Qf2 40.
Kh3 Qf1 41. Qf3 Qh1+ 42. Kg3 Qe1+ 43. Qf2 Qd1 44. Kh2 Qg4 45. g3 Qd1 46. Rc7
Kg7 47. Qc2 Qe1 48. Rc4 Qe3 49. Qe4 Qf2+ 50. Kh3 Qf1+ 51. Qg2 Qd1 52. Kh2 Qg4
53. Qd2 f6 54. exf6+ Kf8 55. Rc7 e5 56. Qe3 e4 57. Rc4 Qe6 58. Rxe4 Qxf6 59.
Qd4 Qxd4 60. Rxd4 Kf7 61. Rd5 Bf8 62. Kg2 Ke6 63. Rxa5 Bxd6 64. Bb5 Ke7 65. Bd3
Kf7 66. Rd5 Be7 67. f5 g5 68. f6 Bxf6 69. hxg5 Bc3 70. g6+ Kf6 71. Rf5+ Ke6 72.
Rxh5 d5 73. Rf5 Rg8 1/2-1/2

[Event "CEDIS Festival saha - 5. turnir"]
[Site "Podgorica"]
[Date "2024.10.05"]
[Round "3.3"]
[White "Djendjinovic, Danilo"]
[Black "Djukanovic, Sreten"]
[Result "0-1"]
[WhiteElo "1556"]
[BlackElo "2106"]
[PlyCount "52"]
[EventDate "2024.10.04"]
[EventType "swiss"]
[EventRounds "5"]
[EventCountry "MNE"]
[SourceDate "2024.10.08"]

1. d4 Nf6 2. c4 c5 3. d5 b5 4. cxb5 g6 5. Nc3 Bg7 6. e4 O-O 7. Nf3 a6 8. bxa6
d6 9. Bd3 Nxa6 10. O-O Qb6 11. Re1 Ng4 12. Qe2 Nb4 13. Bc4 Ba6 14. Bxa6 Qxa6
15. h3 Ne5 16. Nxe5 Bxe5 17. Qd1 Nd3 18. Re2 Rfb8 19. Qc2 Rb7 20. f4 Bd4+ 21.
Kh1 Rab8 22. Rd2 Ne1 23. Qd1 Qf1+ 24. Kh2 Qxf4+ 25. Kh1 Qf1+ 26. Kh2 Be5+ 0-1

[Event "CEDIS Festival saha - 5. turnir"]
[Site "Podgorica"]
[Date "2024.10.05"]
[Round "3.4"]
[White "Abramovic, Dragoljub"]
[Black "Lakusic, Zoran"]
[Result "1/2-1/2"]
[WhiteElo "2027"]
[BlackElo "1752"]
[PlyCount "108"]
[EventDate "2024.10.04"]
[EventType "swiss"]
[EventRounds "5"]
[EventCountry "MNE"]
[SourceDate "2024.10.08"]

1. d4 Nf6 2. Bg5 e6 3. e4 Be7 4. Nd2 b6 5. g3 Bb7 6. Bg2 d6 7. Ne2 Nbd7 8. O-O
h6 9. Bxf6 Bxf6 10. f4 e5 11. c3 O-O 12. Qc2 Re8 13. Rae1 Ba6 14. Nb3 c5 15.
fxe5 dxe5 16. d5 c4 17. Nd2 Nc5 18. Rf3 b5 19. a3 Bc8 20. h3 Qb6 21. Kh2 a5 22.
Ref1 Ra7 23. R1f2 Bg5 24. Nc1 Bxd2 25. Rxd2 b4 26. cxb4 axb4 27. axb4 Qxb4 28.
Rc3 Ba6 29. Bf1 Na4 30. Ra3 Nb6 31. Na2 Qd6 32. Qc3 Rea8 33. Qb4 Qxb4 34. Nxb4
c3 35. Rxc3 Bxf1 36. Nc6 Ra2 37. Rf2 Na4 38. Rcf3 Bb5 39. Ne7+ Kh8 40. Rxf7
Rxb2 41. Rxb2 Nxb2 42. Nf5 Nd3 43. Rxg7 Ra2+ 44. Kg1 Nc5 45. Re7 Nxe4 46. Rxe5
Ng5 47. Nh4 Nxh3+ 48. Kh1 Nf2+ 49. Kg1 Ng4 50. Re4 Ra1+ 51. Kg2 Nf6 52. Re6
Nxd5 53. Rxh6+ Kg7 54. Rd6 Bc4 1/2-1/2

[Event "CEDIS Festival saha - 5. turnir"]
[Site "Podgorica"]
[Date "2024.10.05"]
[Round "3.5"]
[White "Dorfman, Yelyzaveta"]
[Black "Dedic, Slavko"]
[Result "0-1"]
[WhiteElo "1448"]
[BlackElo "1882"]
[PlyCount "98"]
[EventDate "2024.10.04"]
[EventType "swiss"]
[EventRounds "5"]
[EventCountry "MNE"]
[SourceDate "2024.10.08"]

1. e4 e6 2. d4 d5 3. exd5 exd5 4. Bd3 Nc6 5. Be3 Be6 6. Nc3 Nf6 7. Qe2 Bb4 8.
Nf3 h6 9. O-O Qd7 10. Ne5 Nxe5 11. dxe5 Ng8 12. a3 Be7 13. Nb5 a6 14. Nd4 c5
15. Nxe6 Qxe6 16. Rfe1 c4 17. Bxc4 dxc4 18. Qf3 O-O-O 19. Rad1 h5 20. Rxd8+
Bxd8 21. Rd1 Bc7 22. Qh3 Qxh3 23. gxh3 Bxe5 24. Re1 Bxb2 25. Bc5 Nf6 26. Re7
Nd7 27. Bb4 f5 28. c3 g5 29. Re2 Bc1 30. Re7 g4 31. h4 Bh6 32. Rf7 f4 33. Bd6
f3 34. Bg3 Bd2 35. Re7 Bxc3 36. Re3 Bf6 37. Re4 b5 38. Re6 Kb7 39. Rd6 Rh7 40.
Kh1 c3 41. Rd1 Nb6 42. Rc1 Nc4 43. Bf4 Rd7 44. Rg1 c2 45. Rc1 Nxa3 46. Rg1 Bxh4
47. Bg3 Bg5 48. Ra1 Rd1+ 49. Rxd1 cxd1=R# 0-1